Songs by first line-Rock edition - Statistics

General Stats
  • This quiz has been taken 44 times
  • The average score is 9 of 30
Answer Stats
Lyrics Answer % Correct
On a dark desert highway, cool wind in my hair Hotel California-Eagles
65%
There's a lady who's sure, all that glitters is gold Stairway to heaven-Led Zeppelin
59%
So, so you think you can tell Wish You Were Here-Pink Floyd
59%
Livin' easy, lovin' free Highway to Hell-AC/DC
53%
The world is a vampire Bullet With Butterfly Wings-The Smashing Pumpkins
50%
Load up on guns, bring your friends Smells Like Teen Spirit-Nirvana
50%
Slip inside the eye of your mind Don't Look Back In Anger-Oasis
44%
In the time of chimpanzees I was a monkey Loser-Beck
44%
Finished with my woman 'cause she couldn't help me with my mind Paranoid-Black Sabbath
38%
I got my head checked, by a jumbo jet Song 2-Blur
38%
Freezin', rests his head on a pillow made of concrete, again Even Flow-Pearl Jam
32%
You know that it would be untrue Light My Fire-The Doors
32%
Oh, life, it's bigger, it's bigger than you Losing My Religion-R.E.M.
32%
We all came out to Montreux Smoke On The Water-Deep Purple
32%
With your feet on the air and your head on the ground Where is my mind?-Pixies
32%
In my eyes, indisposed Black Hole Sun-Soundgarden
29%
Hello, I've waited here for you Everlong-Foo fighters
29%
When you were here before Creep-Radiohead
24%
I can't seem to face up to the facts Psycho Killer-Talking Heads
24%
So if you're lonely, you know Im here waiting for you Take Me Out-Franz Ferdinand
24%
25 years and my life is still What's Up?-4 Non Blondes
24%
You get a shiver in the dark, it's raining in the park, but meantime Sultans Of Swing-Dire Straits
21%
Just a castaway, an island lost at sea, oh Message In A Bottle-The Police
18%
I wrote her off for the tenth time today Self Esteem-The Offspring
18%
I would say I'm sorry if I thought that it would change your mind Boys Don't Cry-The Cure
15%
Come to decide that the things that I tried were in my life just to get high on Snow-Red Hot Chili Peppers
15%
All our times have come, here, but now they're gone (Don't Fear) The Reaper-Blue Öyster Cult
12%
I ripped your heart out from your chest Incinerate-Sonic Youth
6%
Anticipation has the habit to set you up The View From The Afternoon-Arctic Monkeys
6%
Sucker love is heaven sent Every You, Every Me-Placebo
3%
No matching quizzes found
Score Distribution
Percent of People with Each Score
Percentile by Number Answered
Your Score History
You have not taken this quiz